[Event "M.Chigorin Memorial"]
[Site "St. Petersburg RUS"]
[Date "2009.10.18"]
[Round "3.84"]
[White "Zanan, Evgeny"]
[Black "Mikheev, Stanislav"]
[Result "1-0"]
[WhiteElo "2111"]
[BlackElo "2332"]
[PlyCount "141"]
[EventDate "2009.??.??"]

1. d4 Nf6 2. c4 g6 3. Nc3 d5 4. Bf4 Bg7 5. e3 O-O 6. Rc1 c6 7. Nf3 Be6 8. Ng5
Bf5 9. Be2 h6 10. Nf3 dxc4 11. Bxc4 Nbd7 12. O-O Qa5 13. h3 Nb6 14. Bb3 Qa6 15.
Ne5 Ne4 16. Nxe4 Bxe4 17. Qd2 Bd5 18. Qb4 Bxb3 19. Qxb3 Nd5 20. Bg3 Qb6 21. Qc2
Rad8 22. a3 Kh7 23. b4 f5 24. e4 Qxd4 25. exd5 Bxe5 26. Bxe5 Qxe5 27. dxc6 bxc6
28. Qxc6 Rd2 29. Qc7 Re2 30. Qxa7 f4 31. Qc5 Qb2 32. Qc3 f3 33. Qxb2 Rxb2 34.
g4 Rd8 35. Rc3 Kg7 36. Rxf3 Ra8 37. Re3 Kf6 38. Rc1 Ra6 39. Kg2 Kg5 40. Kg3 Kf6
41. Rc8 Ra2 42. Rcc3 Ra1 43. b5 Rb6 44. Rc6+ Rxc6 45. bxc6 Rc1 46. a4 Rxc6 47.
Ra3 Ra6 48. a5 Ke5 49. f4+ Ke4 50. Ra4+ Ke3 51. h4 e6 52. h5 gxh5 53. gxh5 Kd3
54. Kg4 Kc3 55. Ra3+ Kd4 56. Kf3 Kd5 57. Ke3 Kc4 58. Ke4 Kb4 59. Ra1 Kc3 60.
Ke5 Kd3 61. Ra4 Kc3 62. Kf6 Kd3 63. Kg7 Ke3 64. Kxh6 e5+ 65. Kg5 exf4 66. Rxf4
Rxa5+ 67. Rf5 Ra1 68. h6 Ke4 69. Rf4+ Ke5 70. h7 Ra8 71. Rh4 1-0

[Event "M.Chigorin Memorial"]
[Site "St. Petersburg RUS"]
[Date "2009.10.18"]
[Round "3.85"]
[White "Burtasova, Anna"]
[Black "Sokolova, Vera"]
[Result "1-0"]
[WhiteElo "2331"]
[BlackElo "2087"]
[PlyCount "79"]
[EventDate "2009.??.??"]

1. e4 c5 2. Nf3 Nc6 3. c3 Nf6 4. e5 Nd5 5. Bc4 e6 6. O-O Be7 7. d4 cxd4 8. cxd4
d6 9. Nbd2 dxe5 10. dxe5 O-O 11. Qe2 Na5 12. Bb5 Bd7 13. Ne4 Bxb5 14. Qxb5 Qb6
15. Qe2 Rac8 16. Rd1 Rc7 17. Nd4 Rc4 18. Be3 Nxe3 19. fxe3 Rcc8 20. Qg4 Kh8 21.
b3 Nc6 22. Nd6 Rcd8 23. Nc4 Qc5 24. Nxc6 Qxc6 25. Rac1 Qa6 26. Rxd8 Rxd8 27.
Rf1 f5 28. exf6 Bxf6 29. e4 e5 30. Qf5 Qc6 31. Kh1 Qd7 32. g4 Qe7 33. Ne3 Qd7
34. g5 Qxf5 35. Rxf5 Be7 36. Rxe5 Bb4 37. Rb5 Bd2 38. Nc4 b6 39. Nxd2 Rxd2 40.
Rd5 1-0

[Event "M.Chigorin Memorial"]
[Site "St. Petersburg RUS"]
[Date "2009.10.18"]
[Round "3.87"]
[White "Duzhakov, Ilya"]
[Black "Polonsky, Pavel"]
[Result "1-0"]
[WhiteElo "2321"]
[BlackElo "2082"]
[PlyCount "55"]
[EventDate "2009.??.??"]

1. d4 g6 2. c4 Bg7 3. Nf3 d6 4. g3 e6 5. Bg2 Ne7 6. Nc3 O-O 7. O-O Nd7 8. Qc2
a6 9. Rd1 c5 10. dxc5 dxc5 11. Bf4 Qb6 12. Rd6 Nc6 13. Rad1 e5 14. Bg5 Qc7 15.
Bh3 Nd4 16. Nxd4 exd4 17. Rxd7 Bxd7 18. Nd5 Qe5 19. Bf4 Qe8 20. Bg2 Bf5 21. Qb3
Be4 22. Nc7 Qc6 23. f3 Bf5 24. Nxa8 Rxa8 25. e4 dxe3 26. Bxe3 Re8 27. Kf2 Qe6
28. Bf1 1-0

[Event "M.Chigorin Memorial"]
[Site "St. Petersburg RUS"]
[Date "2009.10.18"]
[Round "3.88"]
[White "Bajaramov, Elvin"]
[Black "Pecheritsa, Vitaly"]
[Result "0-1"]
[WhiteElo "2019"]
[BlackElo "2319"]
[PlyCount "74"]
[EventDate "2009.??.??"]

1. e4 c5 2. Nf3 e6 3. d4 cxd4 4. Nxd4 Nc6 5. Be3 Nf6 6. Nc3 Bb4 7. Bd3 d5 8.
O-O Bxc3 9. bxc3 dxe4 10. Bb5 Bd7 11. Nb3 b6 12. Qd6 Ne7 13. Nd4 O-O 14. Be2 h6
15. Rad1 Ng6 16. c4 Qc8 17. Rd2 e5 18. Nb3 Bg4 19. f3 exf3 20. gxf3 Bh3 21.
Rfd1 Qf5 22. Qd3 Qh5 23. f4 Bg4 24. Bxg4 Nxg4 25. f5 Nh4 26. Kh1 Nf3 27. Bg1
Nxd2 28. Rxd2 Qh4 29. Rg2 h5 30. h3 Rad8 31. Qf3 Rfe8 32. c5 e4 33. Qg3 Qxg3
34. Rxg3 e3 35. hxg4 e2 36. Bf2 Rd1+ 37. Kg2 Rf1 0-1

[Event "M.Chigorin Memorial"]
[Site "St. Petersburg RUS"]
[Date "2009.10.18"]
[Round "3.89"]
[White "Klepikov, Nikita"]
[Black "Vastrukhin, Oleg"]
[Result "0-1"]
[WhiteElo "1873"]
[BlackElo "2315"]
[PlyCount "86"]
[EventDate "2009.??.??"]

1. e4 e6 2. d4 d5 3. Nc3 Bb4 4. e5 c5 5. a3 Bxc3+ 6. bxc3 Nc6 7. Nf3 Bd7 8. Bd3
c4 9. Be2 Qa5 10. Bd2 O-O-O 11. O-O f5 12. Ne1 Nh6 13. g3 Nf7 14. Ng2 Rdg8 15.
Qc1 g5 16. Bh5 Rg7 17. Qb2 Be8 18. Rfb1 Nfxe5 19. dxe5 Bxh5 20. Bxg5 Re8 21.
Bf6 Rd7 22. a4 d4 23. cxd4 Nxd4 24. c3 Nf3+ 25. Kh1 Nd2 26. Qb4 Qd5 27. Rg1 Bf3
28. Qb5 Ne4 29. Raf1 Nxc3 30. Qxd5 Bxd5 31. a5 Ne2 32. Ra1 Nxg1 33. Kxg1 Bxg2
34. Kxg2 c3 35. Rc1 Rc7 36. Kf3 b5 37. axb6 axb6 38. Ke3 Kb7 39. Kd3 Rec8 40.
Kc2 Ra8 41. Kb3 Ra5 42. f4 Rb5+ 43. Ka4 Rb2 0-1

[Event "M.Chigorin Memorial"]
[Site "St. Petersburg RUS"]
[Date "2009.10.18"]
[Round "3.92"]
[White "Karzev, Evgeny"]
[Black "Lanin, Alexsej"]
[Result "0-1"]
[WhiteElo "2145"]
[BlackElo "2446"]
[PlyCount "42"]
[EventDate "2009.??.??"]

1. Nf3 c5 2. g3 d5 3. Bg2 Nc6 4. O-O e5 5. d3 Nf6 6. Bg5 Be7 7. Nfd2 Be6 8. Nc3
d4 9. Bxf6 Bxf6 10. Bxc6+ bxc6 11. Na4 Qa5 12. c3 Be7 13. Qc2 Rc8 14. Rac1 h5
15. cxd4 cxd4 16. Nc5 Bxc5 17. Qxc5 Qxd2 18. Qxe5 O-O 19. Qxh5 Qxb2 20. h4 Rfe8
21. Rce1 Bh3 0-1

[Event "M.Chigorin Memorial"]
[Site "St. Petersburg RUS"]
[Date "2009.10.18"]
[Round "3.93"]
[White "Utkin, Alexander"]
[Black "Weisbuch, Udi"]
[Result "0-1"]
[WhiteElo "2134"]
[BlackElo "2317"]
[PlyCount "138"]
[EventDate "2009.??.??"]

1. d4 Nf6 2. Nf3 g6 3. g3 Bg7 4. Bg2 O-O 5. O-O d6 6. c4 c5 7. Nc3 Nc6 8. d5
Na5 9. Nd2 e5 10. Qc2 Ng4 11. b3 b6 12. Bb2 Bd7 13. e4 Qe7 14. Rae1 Rae8 15. h3
Nh6 16. Ne2 Nb7 17. Nc1 Nd8 18. Nd3 f6 19. Nb1 Kh8 20. Nc3 Ndf7 21. Kh2 Qd8 22.
a4 a6 23. Ra1 Qc8 24. f4 f5 25. a5 b5 26. cxb5 axb5 27. a6 Qc7 28. fxe5 Nxe5
29. Nf4 b4 30. Nce2 Qa7 31. Ne6 Bxe6 32. dxe6 Rxe6 33. Nf4 Re7 34. Rfd1 Rd8 35.
Nd5 Ree8 36. Ne3 fxe4 37. Bxe4 Nhf7 38. Nd5 Ng5 39. Bg2 Rf8 40. Nf4 Rfe8 41.
Nd5 Nef3+ 42. Kh1 Nd4 43. Bxd4 Bxd4 44. Rxd4 cxd4 45. Nxb4 Qc5 46. Qd2 Ne4 47.
Bxe4 Rxe4 48. Qf2 Qf5 49. Qxf5 gxf5 50. Nc6 d3 51. Rd1 Rc8 52. a7 Ree8 53. Nb8
d2 54. a8=Q Re1+ 55. Kg2 Rxd1 56. Qd5 Rdc1 57. Qd4+ Kg8 58. Qd5+ Kg7 59. Qd4+
Kf7 60. Qd5+ Ke7 61. Qxf5 d1=Q 62. Qxh7+ Kf6 63. Qh4+ Ke5 64. Nd7+ Ke6 65. Nf8+
Rxf8 66. Qe4+ Kd7 67. Qb7+ Rc7 68. Qb5+ Rc6 69. Qb7+ Ke6 0-1

[Event "M.Chigorin Memorial"]
[Site "St. Petersburg RUS"]
[Date "2009.10.18"]
[Round "3.94"]
[White "Reshetov, Valery"]
[Black "Orlov, Oleg"]
[Result "0-1"]
[WhiteElo "2126"]
[BlackElo "2307"]
[PlyCount "100"]
[EventDate "2009.??.??"]

1. e4 c5 2. Nf3 e6 3. Be2 Nc6 4. O-O d5 5. exd5 Qxd5 6. Nc3 Qd8 7. Bb5 Bd7 8.
d4 cxd4 9. Nxd4 Nxd4 10. Qxd4 Bxb5 11. Qxd8+ Rxd8 12. Nxb5 Bc5 13. Be3 Bxe3 14.
fxe3 a6 15. Nc3 Nf6 16. Rad1 Ke7 17. Rxd8 Rxd8 18. Rd1 Rc8 19. Rd4 h5 20. h3
Nd7 21. Kf2 Ne5 22. Ke2 Nc4 23. Nd1 b5 24. c3 e5 25. Rd3 f5 26. b3 Nd6 27. Rd2
g5 28. Rc2 g4 29. hxg4 fxg4 30. Nf2 e4 31. c4 bxc4 32. bxc4 Ke6 33. c5 Kd5 34.
Rd2+ Kxc5 35. Rd4 Re8 36. g3 Nf5 37. Ra4 Kb5 38. Ra3 Nxg3+ 39. Ke1 Nf5 40. Rb3+
Kc4 41. Ra3 g3 42. Nh3 Rg8 43. Ra5 Nxe3 44. Rxh5 Nc2+ 45. Ke2 g2 46. Ng1 Nd4+
47. Kf2 Nf3 48. Rf5 Nxg1 49. Kxg1 e3 50. a4 Re8 0-1

[Event "M.Chigorin Memorial"]
[Site "St. Petersburg RUS"]
[Date "2009.10.18"]
[Round "3.95"]
[White "Zykova, Antonina"]
[Black "Frolochkin, Vladimir"]
[Result "0-1"]
[WhiteElo "2094"]
[BlackElo "2305"]
[PlyCount "84"]
[EventDate "2009.??.??"]

1. e4 e5 2. Nf3 Nc6 3. Bc4 Nf6 4. d3 h6 5. c3 d6 6. Bb3 g6 7. h3 Bg7 8. a4 O-O
9. a5 Kh7 10. O-O Ne8 11. a6 b6 12. Bd5 Bd7 13. Qb3 f5 14. Qc4 b5 15. Qb3 Qe7
16. Nbd2 Nf6 17. Re1 Nxd5 18. exd5 Nd8 19. d4 e4 20. Nh2 Qh4 21. Ndf1 Nf7 22.
Bd2 Rae8 23. f3 Ng5 24. Bxg5 Qxg5 25. fxe4 fxe4 26. Re3 h5 27. Rae1 Bh6 28. c4
Qh4 29. R3e2 Bg7 30. Rd1 e3 31. Nf3 Rxf3 32. gxf3 Bxh3 33. Qd3 Qf4 34. Nh2 Bf5
35. Qc3 g5 36. cxb5 Re7 37. b3 g4 38. fxg4 Qg3+ 39. Rg2 e2 40. Qxg3 exd1=Q+ 41.
Nf1 Bxd4+ 42. Kh2 Be5 0-1

[Event "M.Chigorin Memorial"]
[Site "St. Petersburg RUS"]
[Date "2009.10.18"]
[Round "3.96"]
[White "Khakimov, Timur"]
[Black "Panjkov, Oleg"]
[Result "1/2-1/2"]
[WhiteElo "2291"]
[BlackElo "2054"]
[PlyCount "49"]
[EventDate "2009.??.??"]

1. e4 c5 2. Nf3 d6 3. d4 cxd4 4. Nxd4 Nf6 5. Nc3 e6 6. h3 Be7 7. g4 Nc6 8. Bg2
O-O 9. O-O Qb6 10. Nb3 a6 11. Be3 Qc7 12. a4 Nd7 13. f4 Rb8 14. Qe2 Na5 15.
Nxa5 Qxa5 16. Rfd1 Qc7 17. g5 b6 18. Qf2 f6 19. g6 hxg6 20. Qg3 Kf7 21. Bf3 Rg8
22. f5 gxf5 23. exf5 Ne5 24. fxe6+ Bxe6 25. Bd5 1/2-1/2

[Event "M.Chigorin Memorial"]
[Site "St. Petersburg RUS"]
[Date "2009.10.18"]
[Round "3.97"]
[White "Ivanov, Rostislav"]
[Black "Martynov, Pavel"]
[Result "1-0"]
[WhiteElo "2287"]
[BlackElo "2066"]
[PlyCount "63"]
[EventDate "2009.??.??"]

1. e4 e6 2. d4 d5 3. Nc3 Bb4 4. e5 c5 5. a3 Bxc3+ 6. bxc3 Ne7 7. Qg4 Qc7 8.
Qxg7 Rg8 9. Qxh7 cxd4 10. Ne2 Nbc6 11. f4 dxc3 12. Qd3 d4 13. h4 Nf5 14. h5 Bd7
15. h6 O-O-O 16. h7 Rh8 17. g4 Nfe7 18. Ng3 Ng6 19. Bg2 Ncxe5 20. fxe5 Nxe5 21.
Qe2 d3 22. cxd3 Bc6 23. Bxc6 Nxd3+ 24. Kf1 Qxg3 25. Qf3 Qc7 26. Be4 Ne5 27. Qe2
f5 28. gxf5 Rxh7 29. Bf4 Rxh1+ 30. Bxh1 Qc4 31. Bxe5 Qh4 32. Bxb7+ 1-0

[Event "M.Chigorin Memorial"]
[Site "St. Petersburg RUS"]
[Date "2009.10.18"]
[Round "3.98"]
[White "Mukashev, Assan"]
[Black "Maevsky, Nikolay"]
[Result "0-1"]
[WhiteElo "2085"]
[BlackElo "2273"]
[PlyCount "73"]
[EventDate "2009.??.??"]

1. d4 d5 2. c4 c6 3. Nf3 Nf6 4. g3 Bf5 5. Bg2 e6 6. O-O h6 7. Nc3 Nbd7 8. Qb3
Qb6 9. c5 Qxb3 10. axb3 a6 11. b4 Rc8 12. h3 Be7 13. g4 Bh7 14. Bf4 O-O 15. Nd2
Rfe8 16. Nb3 Bd8 17. Na5 Bxa5 18. bxa5 e5 19. dxe5 Nxe5 20. Rfd1 Re7 21. Rd4
Nfd7 22. b4 Nf6 23. g5 hxg5 24. Bxg5 Ned7 25. h4 Rce8 26. Bh3 Nf8 27. Bxf6 gxf6
28. Rf4 Kg7 29. Kh2 Re5 30. Rg1+ Bg6 31. e3 Rh5 32. Ne2 Rh6 33. Ng3 Kh8 34.
Rxf6 Rxh4 35. Ne2 Rxb4 36. Nf4 Re7 37. Bf5 0-1

[Event "M.Chigorin Memorial"]
[Site "St. Petersburg RUS"]
[Date "2009.10.18"]
[Round "3.100"]
[White "Zakharchenko, Arnold"]
[Black "Tolkachiov, Vladimir"]
[Result "1/2-1/2"]
[WhiteElo "2255"]
[BlackElo "2013"]
[PlyCount "132"]
[EventDate "2009.??.??"]

1. Nf3 Nf6 2. c4 g6 3. Nc3 d5 4. cxd5 Nxd5 5. Qa4+ c6 6. Qd4 Nf6 7. Qxd8+ Kxd8
8. e4 Bg7 9. Bc4 e6 10. a4 Nbd7 11. O-O Ne8 12. d4 Nd6 13. Bb3 e5 14. Bg5+ Kc7
15. Rad1 exd4 16. Nxd4 Re8 17. Rfe1 Nc5 18. Bf4 Be5 19. Bxe5 Rxe5 20. Nf3 Re7
21. e5 Ne8 22. Nd4 Nxb3 23. Nxb3 Be6 24. Nc5 Rd8 25. Rxd8 Kxd8 26. f4 Bf5 27.
Kf2 b6 28. N5e4 Rd7 29. Ke3 Ke7 30. a5 f6 31. axb6 axb6 32. Ra1 fxe5 33. fxe5
Nc7 34. Nf6 Rd3+ 35. Ke2 h5 36. Ra7 Kd8 37. Rb7 b5 38. Rb8+ Ke7 39. Rb7 Kd8 40.
Rb6 Ne6 41. Nxb5 Nf4+ 42. Kf2 cxb5 43. Rxb5 Ne6 44. Ke1 h4 45. Rb8+ Kc7 46. Rb4
Nd4 47. Rc4+ Kd8 48. Kf2 Be6 49. Rb4 Kc7 50. Ra4 g5 51. h3 Bb3 52. Ra3 Ne6 53.
Ne4 Bc2 54. Rxd3 Bxd3 55. Nd2 Nf4 56. g3 Nxh3+ 57. Kg2 Bf5 58. Nf3 g4 59. Nd4
Be4+ 60. Kh2 Ng5 61. gxh4 Nf3+ 62. Nxf3 gxf3 63. Kg3 Kd7 64. h5 Ke6 65. h6 Kf7
66. e6+ Kxe6 1/2-1/2

[Event "M.Chigorin Memorial"]
[Site "St. Petersburg RUS"]
[Date "2009.10.18"]
[Round "3.101"]
[White "Androsov, Sergey"]
[Black "Kartsev, Soel"]
[Result "1-0"]
[WhiteElo "2075"]
[BlackElo "2241"]
[PlyCount "83"]
[EventDate "2009.??.??"]

1. e4 d5 2. exd5 Nf6 3. d4 Nxd5 4. c4 Nb6 5. Nc3 e5 6. Be3 exd4 7. Qxd4 Qxd4 8.
Bxd4 Nc6 9. Be3 Bb4 10. Nf3 Be6 11. Bxb6 axb6 12. Kd2 O-O 13. Bd3 Rfd8 14. Kc2
Bc5 15. a3 Bxf2 16. Nb5 Rd7 17. Ng5 Rad8 18. Bxh7+ Kh8 19. Nxe6 fxe6 20. Be4
Rd2+ 21. Kc3 Bh4 22. Rhf1 Bf6+ 23. Rxf6 gxf6 24. Nxc7 Rf2 25. Nxe6 Rdd2 26. Re1
Rxb2 27. Re3 Ra2 28. Rh3+ Kg8 29. Rg3+ Kf7 30. Nd4 Rxa3+ 31. Nb3 f5 32. Bd5+
Kf6 33. Re3 f4 34. Rh3 Re2 35. Bxc6 bxc6 36. Kb4 Re3 37. Kxa3 Rxh3 38. gxh3 f3
39. Nd2 Kf5 40. Nxf3 Ke4 41. h4 Kd3 42. Kb4 1-0

[Event "M.Chigorin Memorial"]
[Site "St. Petersburg RUS"]
[Date "2009.10.18"]
[Round "3.102"]
[White "Kuzmin, Egor"]
[Black "Manukyan, Sargis V"]
[Result "0-1"]
[WhiteElo "1995"]
[BlackElo "2199"]
[PlyCount "78"]
[EventDate "2009.??.??"]

1. d4 c5 2. e3 Nf6 3. Nf3 d5 4. Be2 Nc6 5. O-O Bf5 6. c4 dxc4 7. Bxc4 e6 8. Nc3
Qc7 9. Nb5 Qb6 10. b3 O-O-O 11. Qe2 Bg4 12. Bb2 Ne4 13. Rfd1 Ng5 14. a4 a6 15.
Bc3 cxd4 16. Nbxd4 Bb4 17. Bxb4 Nxd4 18. exd4 Bxf3 19. gxf3 Qxb4 20. Rac1 Nh3+
21. Kh1 Kb8 22. Qe5+ Qd6 23. Qxd6+ Rxd6 24. Kg2 Nf4+ 25. Kg3 g5 26. Rd2 Rhd8
27. Rcd1 Kc7 28. h4 h6 29. Rc1 Kb6 30. hxg5 hxg5 31. Rh1 Rxd4 32. Rxd4 Rxd4 33.
Rh7 f6 34. Re7 Rd6 35. Kg4 Kc6 36. Kg3 Rd7 37. Rxd7 Kxd7 38. Kh2 Kd6 39. Kg1
Kc5 0-1

[Event "M.Chigorin Memorial"]
[Site "St. Petersburg RUS"]
[Date "2009.10.18"]
[Round "3.103"]
[White "Nuretdinov, Igor"]
[Black "Jafari, Golnaz"]
[Result "1-0"]
[WhiteElo "2182"]
[BlackElo "1999"]
[PlyCount "79"]
[EventDate "2009.??.??"]

1. d4 Nf6 2. c4 g6 3. Nc3 Bg7 4. e4 d6 5. Nf3 O-O 6. Be2 e5 7. O-O exd4 8. Nxd4
Re8 9. f3 Nh5 10. Nc2 Nc6 11. Be3 f5 12. Qd2 Nf6 13. Bg5 Be6 14. exf5 Bxf5 15.
Ne3 Qd7 16. Kh1 Be6 17. Rad1 Qf7 18. b3 Kh8 19. Bd3 Rf8 20. Ne4 Rae8 21. Nxf6
Bxf6 22. Bxf6+ Qxf6 23. Be4 Nd8 24. Qa5 b6 25. Qxa7 Qf4 26. Rfe1 Bf5 27. Nd5
Qh4 28. Qxc7 Bxe4 29. Rxe4 Rxe4 30. fxe4 Qg4 31. Rg1 Qxe4 32. Qxd6 Ne6 33. Nc7
Rf6 34. Qxb6 Qe5 35. Nxe6 Rxe6 36. Qf2 Rf6 37. Qe1 Qxe1 38. Rxe1 Rf2 39. Rc1
Rxa2 40. c5 1-0

[Event "M.Chigorin Memorial"]
[Site "St. Petersburg RUS"]
[Date "2009.10.18"]
[Round "3.105"]
[White "Fedoseeva, Valentina"]
[Black "Letov, Petr"]
[Result "1/2-1/2"]
[WhiteElo "1762"]
[BlackElo "2157"]
[PlyCount "95"]
[EventDate "2009.??.??"]

1. e4 e6 2. d4 d5 3. Nc3 Bb4 4. Bd2 Nf6 5. e5 Bxc3 6. Bxc3 Ne4 7. Bd3 Nxc3 8.
bxc3 c5 9. Qg4 Qa5 10. Ne2 g6 11. dxc5 Nc6 12. O-O Qxc5 13. Qf4 Qe7 14. Nd4 a6
15. Nxc6 bxc6 16. c4 c5 17. c3 Bb7 18. Rfd1 O-O 19. Be2 f6 20. Bf3 fxe5 21.
Qxe5 Rf5 22. Qe2 Qf6 23. Re1 Re8 24. Bxd5 Bxd5 25. cxd5 Rxd5 26. Qxa6 Qxc3 27.
Qc6 Re7 28. Rac1 Qd4 29. h3 e5 30. Re3 e4 31. Qb5 Kg7 32. Qe2 Qe5 33. f3 Qd4
34. Rc4 Qa1+ 35. Kh2 Qe5+ 36. Kg1 Qd6 37. Rc1 Rd2 38. Qc4 Rd4 39. Qxc5 Rd1+ 40.
Kf2 Rd2+ 41. Kg1 Qxc5 42. Rxc5 Rxa2 43. Rxe4 Rd7 44. Rce5 Rdd2 45. Rg4 Kf6 46.
Rb5 Rd6 47. Rbb4 h5 48. Rgd4 1/2-1/2

[Event "M.Chigorin Memorial"]
[Site "St. Petersburg RUS"]
[Date "2009.10.18"]
[Round "3.110"]
[White "Obrezchikov, Mikhail"]
[Black "Gadzhiev, Yaroslav"]
[Result "1-0"]
[WhiteElo "1968"]
[BlackElo "2326"]
[PlyCount "124"]
[EventDate "2009.??.??"]

1. d4 d5 2. c4 c6 3. Nc3 Nf6 4. Nf3 e6 5. e3 Bd6 6. Bd3 Nbd7 7. O-O O-O 8. Re1
Re8 9. e4 dxe4 10. Nxe4 Nxe4 11. Rxe4 Nf6 12. Bg5 Be7 13. Rf4 h6 14. Bxf6 Bxf6
15. Qe2 Bg5 16. Nxg5 hxg5 17. Re4 g6 18. Rd1 Kg7 19. Bc2 Bd7 20. Re3 Qc7 21.
Rg3 Qf4 22. Rf3 Qc7 23. Qe5+ Qxe5 24. dxe5 Re7 25. Rfd3 Be8 26. c5 b6 27. Rc3
Rb8 28. b3 Rd7 29. Rxd7 Bxd7 30. cxb6 axb6 31. Be4 Ra8 32. Rc2 Ra5 33. f3 c5
34. Rd2 Bb5 35. a4 Ba6 36. Rd6 c4 37. Rxb6 cxb3 38. Bc6 Bc4 39. Rb4 Rc5 40. Bb5
Bd5 41. a5 Rc2 42. Bd3 Rd2 43. Bf1 b2 44. a6 Bc4 45. Bxc4 Rd1+ 46. Kf2 b1=Q 47.
Rxb1 Rxb1 48. Ke3 Kf8 49. Kd4 Ke7 50. Kc5 Kd7 51. a7 Ra1 52. Kb6 Rxa7 53. Kxa7
Kc6 54. Ka6 Kc5 55. Bb5 Kd5 56. Be8 Kxe5 57. Bxf7 Kf5 58. Be8 e5 59. Bc6 g4 60.
Bd7+ Kf4 61. Bxg4 e4 62. g3+ Ke3 1-0

[Event "M.Chigorin Memorial"]
[Site "St. Petersburg RUS"]
[Date "2009.10.18"]
[Round "3.111"]
[White "Urjubdshzirov, Erdni"]
[Black "Pischikov, Vadim"]
[Result "1-0"]
[WhiteElo "2306"]
[BlackElo "1959"]
[PlyCount "99"]
[EventDate "2009.??.??"]

1. e4 c6 2. d4 d5 3. Nd2 dxe4 4. Nxe4 Bf5 5. Ng3 Bg6 6. h4 h6 7. Nf3 Nd7 8. h5
Bh7 9. Bd3 Bxd3 10. Qxd3 e6 11. Bf4 Qa5+ 12. Bd2 Qc7 13. Qe2 Ngf6 14. O-O-O
O-O-O 15. Ne5 Nxe5 16. dxe5 Nd5 17. c4 Nb6 18. b3 Ba3+ 19. Kc2 Rhe8 20. Bc3
Rxd1 21. Rxd1 Be7 22. Ne4 Nd7 23. f4 Nc5 24. Nd6+ Bxd6 25. exd6 Qd8 26. Qf2 b6
27. b4 Nd7 28. Qf3 f6 29. Qxc6+ Kb8 30. c5 Qc8 31. Qa4 Kb7 32. cxb6 Nxb6 33.
Qb5 Rd8 34. Kb3 Qc6 35. Qxc6+ Kxc6 36. g3 Nd5 37. Bd4 a6 38. Bc5 g5 39. fxg5
hxg5 40. Re1 Rh8 41. g4 Nf4 42. Kc4 Kd7 43. a4 f5 44. b5 a5 45. gxf5 Rxh5 46.
b6 Rh2 47. Bd4 Kxd6 48. fxe6 Rc2+ 49. Kb3 Rc8 50. b7 1-0

[Event "M.Chigorin Memorial"]
[Site "St. Petersburg RUS"]
[Date "2009.10.18"]
[Round "3.113"]
[White "Azimova, Karina"]
[Black "Pochinkov, Andrey"]
[Result "0-1"]
[WhiteElo "1943"]
[BlackElo "2197"]
[PlyCount "112"]
[EventDate "2009.??.??"]

1. e4 e6 2. d4 d5 3. Nd2 Nf6 4. e5 Nfd7 5. Bd3 c5 6. c3 Nc6 7. Ne2 cxd4 8. cxd4
f6 9. exf6 Nxf6 10. O-O Bd6 11. Nf3 Qc7 12. Bg5 O-O 13. Rc1 h6 14. Bh4 Nh5 15.
Bg3 Nxg3 16. Nxg3 g5 17. Bb1 Bd7 18. Qd3 Be8 19. Rfe1 Bf4 20. Rc3 Rf6 21. Ne5
Qg7 22. Ng4 Rg6 23. Qd1 Qxd4 24. Bxg6 Qxd1 25. Rxd1 Bxg6 26. Nf6+ Kf7 27. Nfh5
Be5 28. Rb3 Rb8 29. Rc1 Ke7 30. Kf1 d4 31. Ke1 d3 32. Kd2 Kd7 33. Rb5 a6 34.
Rxe5 Nxe5 35. Nf6+ Ke7 36. Nfe4 Rd8 37. Rc7+ Rd7 38. Rxd7+ Kxd7 39. Kc3 b5 40.
b3 a5 41. Kd4 Nc6+ 42. Kxd3 Nb4+ 43. Kd2 Nxa2 44. Nc5+ Ke7 45. Ne2 e5 46. Nc3
Nxc3 47. Kxc3 Be8 48. f3 Bc6 49. Nd3 Kd6 50. Nf2 Ke6 51. Ng4 h5 52. Ne3 h4 53.
h3 e4 54. fxe4 Ke5 55. Kd3 Bxe4+ 56. Kd2 Kf4 0-1

[Event "M.Chigorin Memorial"]
[Site "St. Petersburg RUS"]
[Date "2009.10.18"]
[Round "3.114"]
[White "Salov, Vitaly V"]
[Black "Emdin, Mark"]
[Result "0-1"]
[WhiteElo "2130"]
[BlackElo "1946"]
[PlyCount "130"]
[EventDate "2009.??.??"]

1. e4 e6 2. Qe2 b6 3. Nf3 Bb7 4. g3 Nf6 5. d3 Be7 6. Bg2 O-O 7. O-O d5 8. e5
Nfd7 9. h4 c5 10. Ng5 h6 11. Nf3 Nc6 12. c3 Qc7 13. Bf4 Rfe8 14. Re1 Qd8 15.
Bh3 Nf8 16. h5 f6 17. Nbd2 Kh8 18. Nf1 d4 19. c4 fxe5 20. Bxe5 Bd6 21. N1h2 Qc7
22. Ng4 Rad8 23. Qd2 Kg8 24. Bxd6 Qxd6 25. Nfe5 Nd7 26. Ng6 e5 27. Nxh6+ gxh6
28. Qxh6 Qf6 29. Re4 Qg7 30. Qg5 Nf8 31. Bf5 Nxg6 32. h6 Qe7 33. Qxg6+ Kh8 34.
h7 Bc8 35. Bxc8 Rxc8 36. Kg2 Rf8 37. Re2 Qf6 38. Qg4 Rc7 39. Rh1 Qf5 40. Qxf5
Rxf5 41. Rh6 Rff7 42. f4 Rxh7 43. Rxh7+ Kxh7 44. f5 Kg7 45. Kf3 Kf6 46. Ke4 Rg7
47. Rh2 Rg4+ 48. Kf3 Kxf5 49. a3 Rg6 50. Rh7 Ke6 51. Rc7 Kd6 52. Rb7 Rf6+ 53.
Ke2 Re6 54. Rg7 e4 55. dxe4 Rxe4+ 56. Kd2 Re6 57. g4 Na5 58. Rxa7 Nxc4+ 59. Kc2
Ne3+ 60. Kd2 Nxg4 61. a4 Ne5 62. b3 Nf3+ 63. Kd1 d3 64. Kc1 Re1+ 65. Kb2 d2 0-1

[Event "M.Chigorin Memorial"]
[Site "St. Petersburg RUS"]
[Date "2009.10.18"]
[Round "3.115"]
[White "Rjanova, Valery"]
[Black "Khatenever, Feliks"]
[Result "1-0"]
[WhiteElo "2129"]
[BlackElo "1929"]
[PlyCount "40"]
[EventDate "2009.??.??"]

1. e4 d5 2. exd5 Qxd5 3. Nc3 Qa5 4. d4 Nf6 5. Bc4 Bg4 6. Nge2 c6 7. O-O g6 8.
h3 Bc8 9. Re1 b5 10. Bb3 e6 11. Nf4 Bg7 12. d5 O-O 13. dxe6 fxe6 14. Bxe6+ Bxe6
15. Nxe6 Rf7 16. Nxg7 Kxg7 17. Bg5 Nbd7 18. Ne4 Nxe4 19. Rxe4 Raf8 20. Be7 c5
1-0

[Event "M.Chigorin Memorial"]
[Site "St. Petersburg RUS"]
[Date "2009.10.18"]
[Round "3.116"]
[White "Homiakova, Ekaterina"]
[Black "Tzouvelekis, Ioannis"]
[Result "1-0"]
[WhiteElo "2122"]
[BlackElo "1926"]
[PlyCount "77"]
[EventDate "2009.??.??"]

1. e4 e6 2. d4 d5 3. Nd2 dxe4 4. Nxe4 Nd7 5. Nf3 Ngf6 6. Nxf6+ Nxf6 7. Bd3 c5
8. Be3 cxd4 9. Bxd4 Be7 10. O-O O-O 11. Qe2 Qc7 12. Rad1 Rd8 13. c3 Bd7 14. Ne5
Be8 15. Qe3 Nd5 16. Qh3 g6 17. Ng4 Nf4 18. Qh6 Nh5 19. Rfe1 Rd5 20. Be5 Qd8 21.
Qe3 Bg5 22. Qe2 f5 23. c4 Rd7 24. Ne3 Bf4 25. Bc3 Bh6 26. g3 Bf7 27. c5 Qe7 28.
b4 a6 29. Nc4 Re8 30. Nd6 Rf8 31. Bc4 Ng7 32. Bxg7 Bxg7 33. Nxf7 Rxd1 34. Qxd1
Bc3 35. Re3 Bxb4 36. Ne5 Bxc5 37. Rd3 Bb6 38. Nd7 Rc8 39. Nxb6 1-0

[Event "M.Chigorin Memorial"]
[Site "St. Petersburg RUS"]
[Date "2009.10.18"]
[Round "3.117"]
[White "Kuzevanova, Evgenia"]
[Black "Fokin, Anatoly"]
[Result "1-0"]
[WhiteElo "2116"]
[BlackElo "1912"]
[PlyCount "49"]
[EventDate "2009.??.??"]

1. e4 d5 2. exd5 Nf6 3. c4 c6 4. d4 cxd5 5. Nc3 e6 6. c5 b6 7. b4 a5 8. Na4
bxc5 9. bxc5 Ba6 10. Bxa6 Nxa6 11. Nb6 Rb8 12. Qa4+ Nd7 13. Bf4 Rxb6 14. cxb6
Qxb6 15. Nf3 Qb4+ 16. Qxb4 axb4 17. Rc1 Nf6 18. Rc6 Nh5 19. Bd2 Be7 20. Rxa6
O-O 21. O-O Rb8 22. Ne5 Rb7 23. Ra8+ Bf8 24. Rc1 f6 25. Rcc8 1-0

[Event "M.Chigorin Memorial"]
[Site "St. Petersburg RUS"]
[Date "2009.10.18"]
[Round "3.118"]
[White "Volokushin, Dmitry"]
[Black "Jarvinen, Seppo"]
[Result "1-0"]
[WhiteElo "2102"]
[BlackElo "1907"]
[PlyCount "49"]
[EventDate "2009.??.??"]

1. c4 e5 2. Nc3 Nc6 3. g3 Nf6 4. Bg2 Be7 5. e3 O-O 6. Nge2 h6 7. O-O d6 8. a3
Nh7 9. Nd5 f5 10. b4 Bf6 11. Bb2 Ne7 12. Nxf6+ Nxf6 13. f4 e4 14. d3 exd3 15.
Qxd3 Qe8 16. Nc3 a6 17. e4 Qh5 18. Rae1 Ng4 19. h3 Nf6 20. e5 dxe5 21. fxe5 Ne4
22. Nxe4 fxe4 23. Rxf8+ Kxf8 24. Qd8+ Kf7 25. Rf1+ 1-0